Малогабаритные квартиры как объект инвестиций на рынке жилья; Научные исследования и разработки. Экономика; Т. 4, № 6

書誌詳細
Parent link:Научные исследования и разработки. Экономика.— , 2013-
Т. 4, № 6.— 2016.— [С. 50-58]
第一著者: Рыжкова М. В. Марина Вячеславовна
団体著者: Национальный исследовательский Томский политехнический университет (ТПУ) Институт социально-гуманитарных технологий (ИСГТ) Кафедра экономики (ЭКОН)
その他の著者: Кондратьева А. А. Анастасия Александровна
要約:Заглавие с экрана
В условиях кризиса домохозяйства стремятся сохранить свои накопления, зачастую инвестируя их в жилую недвижимость. Предложенное исследование показывает уменьшение общей площади строящихся квартир и ставит вопрос об инвестиционном характере их покупки. На примере первичного рынка жилья г. Томска выявлено, что малогабаритные квартиры как объект инвестиционной недвижимости обладают достаточно высокими качественными характеристиками, что обеспечивает их ликвидность, а инвестиционная доступность обеспечивается за счет уменьшения площади квартиры.
In the context of economic downturn, Russian households seek to preserve their savings by investing them on local housing market. The research shows a decrease in the newly-built apartment's average size that leads to the suggestion that apartment purchases on Russian housing market are in many cases investments by their nature. On the example of the Tomsk primary housing market, we reveal that small-sized apartments as an investment medium has sufficiently high quality characteristics which ensures their liquidity. The availability of investments is guaranteed by reducing the size of an apartment.
言語:ロシア語
出版事項: 2016
主題:
オンライン・アクセス:http://dx.doi.org/10.12737/22927
フォーマット: 電子媒体 図書の章
KOHA link:https://koha.lib.tpu.ru/cgi-bin/koha/opac-detail.pl?biblionumber=653502

MARC

LEADER 00000naa0a2200000 4500
001 653502
005 20250227134619.0
035 |a (RuTPU)RU\TPU\network\18974 
035 |a RU\TPU\network\18853 
090 |a 653502 
100 |a 20170310d2016 k||y0rusy50 ca 
101 0 |a rus 
102 |a RU 
135 |a drcn ---uucaa 
181 0 |a i  
182 0 |a b 
200 1 |a Малогабаритные квартиры как объект инвестиций на рынке жилья  |d Small Apartments As an Investment Medium in the Housing Market  |f М. В. Рыжкова, А. А. Кондратьева 
203 |a Текст  |c электронный 
300 |a Заглавие с экрана 
320 |a [Библиогр.: с. 58 (14 назв.)] 
330 |a В условиях кризиса домохозяйства стремятся сохранить свои накопления, зачастую инвестируя их в жилую недвижимость. Предложенное исследование показывает уменьшение общей площади строящихся квартир и ставит вопрос об инвестиционном характере их покупки. На примере первичного рынка жилья г. Томска выявлено, что малогабаритные квартиры как объект инвестиционной недвижимости обладают достаточно высокими качественными характеристиками, что обеспечивает их ликвидность, а инвестиционная доступность обеспечивается за счет уменьшения площади квартиры. 
330 |a In the context of economic downturn, Russian households seek to preserve their savings by investing them on local housing market. The research shows a decrease in the newly-built apartment's average size that leads to the suggestion that apartment purchases on Russian housing market are in many cases investments by their nature. On the example of the Tomsk primary housing market, we reveal that small-sized apartments as an investment medium has sufficiently high quality characteristics which ensures their liquidity. The availability of investments is guaranteed by reducing the size of an apartment. 
461 |t Научные исследования и разработки. Экономика  |d 2013- 
463 |t Т. 4, № 6  |v [С. 50-58]  |d 2016 
510 1 |a Small Apartments As an Investment Medium in the Housing Market  |z eng 
610 1 |a электронный ресурс 
610 1 |a труды учёных ТПУ 
610 1 |a домохозяйства 
610 1 |a сбережения 
610 1 |a малогабаритные квартиры 
610 1 |a рынок жилья 
610 1 |a инвестиции 
700 1 |a Рыжкова  |b М. В.  |c экономист  |c профессор Томского политехнического университета, доктор наук  |f 1977-  |g Марина Вячеславовна  |3 (RuTPU)RU\TPU\pers\25999  |9 11848 
701 1 |a Кондратьева  |b А. А.  |g Анастасия Александровна 
712 0 2 |a Национальный исследовательский Томский политехнический университет (ТПУ)  |b Институт социально-гуманитарных технологий (ИСГТ)  |b Кафедра экономики (ЭКОН)  |3 (RuTPU)RU\TPU\col\18375 
801 2 |a RU  |b 63413507  |c 20170310  |g RCR 
856 4 |u http://dx.doi.org/10.12737/22927 
942 |c CF